Normal view
MARC view
- Pakistani politics
Entry Topical Term
001 - CONTROL NUMBER
- control field: 105217
003 - CONTROL NUMBER IDENTIFIER
- control field: NUST
005 - DATE AND TIME OF LATEST TRANSACTION
- control field: 20221219135727.0
008 - FIXED-LENGTH DATA ELEMENTS
- fixed length control field: 221219|| aca||aabn | a|a d
040 ## - CATALOGING SOURCE
- Original cataloging agency: NUST
- Transcribing agency: NUST
150 ## - HEADING--TOPICAL TERM
- Topical term or geographic name entry element: Pakistani politics
670 ## - SOURCE DATA FOUND
- Source citation: Work cat.: (NUST)184589: Callard, Keith 37681, Pakistan :, 1957
